Welcome to CU Library Online Public Access Catalogue (OPAC)

Systematic theology / (Record no. 2746)

MARC details
000 -LEADER
fixed length control field 00523cam a22001814a 4500
001 - CONTROL NUMBER
control field 12654701
005 - DATE AND TIME OF LATEST TRANSACTION
control field 20250121124259.0
008 - FIXED-LENGTH DATA ELEMENTS--GENERAL INFORMATION
fixed length control field 020124m20022005mnua b 001 0 eng
020 ## - INTERNATIONAL STANDARD BOOK NUMBER
International Standard Book Number 0764225510 (alk. paper)
050 00 - LIBRARY OF CONGRESS CALL NUMBER
Classification number BT75.3
Item number .G45 2002
082 00 - DEWEY DECIMAL CLASSIFICATION NUMBER
Classification number 230/.04624
Edition information 21
100 1# - MAIN ENTRY--PERSONAL NAME
Personal name Geisler, Norman L.
245 10 - TITLE STATEMENT
Title Systematic theology /
Statement of responsibility, etc. by Norman Geisler.
260 ## - PUBLICATION, DISTRIBUTION, ETC.
Place of publication, distribution, etc. Minneapolis, Minn. :
Name of publisher, distributor, etc. Bethany House,
Date of publication, distribution, etc. c2002-c2005.
300 ## - PHYSICAL DESCRIPTION
Extent 4 v. :
Other physical details ill. ;
Dimensions 25 cm.
650 #0 - SUBJECT ADDED ENTRY--TOPICAL TERM
Topical term or geographic name entry element Theology, Doctrinal
942 ## - ADDED ENTRY ELEMENTS (KOHA)
Source of classification or shelving scheme Library of Congress Classification
Koha item type Books
Suppress in OPAC No
999 ## -
-- 2746
-- 2746
Holdings
Withdrawn status Lost status Source of classification or shelving scheme Damaged status Not for loan Collection Home library Current library Shelving location Date acquired Total checkouts Full call number Barcode Date last seen Copy number Price effective from Koha item type
    Library of Congress Classification     Non-fiction Graduate Library (Christ Temple) Graduate Library (Christ Temple) Fiction 01/21/2025   BT 75.3 GEI GSCT00000288 01/21/2025 1 01/21/2025 Books
© 2023-2024 Copyright: Central University Libraries. All Rights Reserved | Created by: Mahone Tech Office